| 000 | 00834nac a22002657a 4500 | ||
|---|---|---|---|
| 001 | BR7317001 | ||
| 003 | BR-BrBNA | ||
| 005 | 20240105113702.0 | ||
| 008 | 230509b bl.|||m| |||| 00| 0 por d | ||
| 040 |
_aBR-BrBNA _bpor _cBiblioteca Nacional de Agricultura |
||
| 072 | _aH10 | ||
| 090 | _a7900 BR7317001 | ||
| 100 | 1 | _aMendes, L.O.T. | |
| 110 | 1 | _aInstituto Agronomico, Campinas, SP (Brasil) | |
| 245 | 1 | _aGenetica de Dysdercus, l: Comportamento de uma forma Melanica (mm)de Dysdercus Mendesi Blote | |
| 260 | 3 |
_aSao Paulo, SP (Brasil): _c1939. |
|
| 300 | _a13 p. | ||
| 490 |
_aBoletim Tecnico - Instituto Agronomico (Brazil) _vno. 44 _x |
||
| 650 | _aALGODAO | ||
| 650 | _aINSETO | ||
| 650 | _aPRAGA DE PLANTA | ||
| 650 | _aBIOLOGIA ANIMAL | ||
| 909 |
_a202312 _bLúcia Elande _c55 _dLúcia Elande |
||
| 942 |
_2AGRIS _n0 _cMS |
||
| 999 |
_c264978 _d264978 |
||